000 04959cam a22004454i 4500
003 PE-LiUPU
005 20250731173401.0
008 150706s2009 miu rb 000 0 spa d
020 _a9780825411984
035 _a(Sirsi) i9780825411984
040 _aPE-LiUPU
_bspa
_cPE-LiUPU
_erda
049 _aPRUA
082 0 4 _a239
_bC187r
_223
100 1 _aCampbell, Charlie H.,
_eautor.
245 1 0 _aRespuestas a preguntas que hacen los escépticos /
_cCharlie H. Campbell.
264 1 _aGrand Rapids, Michigan :
_bEditorial Portavoz,
_c2009.
300 _a125 páginas ;
_c22 centímetros.
336 _atext
_2rdacontent
337 _aunmediated
_2rdamedia
338 _avolume
_2rdacarrier
504 _aIncluye notas bibliográficas.
505 0 _a"¿Qué evidencia tiene usted de que existe Dios?" -- "¿Qué evidencia tiene usted de que la Biblia es realmente cierta?" -- "¿No ha cambiado la Biblia al traducirse cientos de veces a lo largo de los siglos?" -- "¿Qué hay de los que nunca han oído de Jesús: ¿sufrirán la condenación del infierno?" -- "¿Si Dios es tan amoroso, ¿por qué permite el mal y el sufrimiento?" -- "¿Cómo podemos saber si Jesús siquiera existió?" -- "¿Cómo puede usted decir que Jesús es el único camino al cielo?" -- "¿No fue la deidad de Cristo, un invento de la iglesia durante el siglo IV en el Concilio de Nicea?" -- "¿No le parece injusto y exclusivista que Dios sólo salve a las personas por medio de Jesús?" -- "¿Cómo puede un Dios de amor mandar a alguien al infierno?" -- "¿No se han perdido algunos libros de la Biblia?" -- "¿No existe un conflicto entre el Dios del Antiguo Testamento, que a menudo se presenta como cruel, y el Dios del Nuevo Testamento, que parece tan amoroso?" -- "¿Por qué rechazan los cristianos los escritos apócrifos que se encuentran en la Biblia católica?" -- "¿No es cierto que la Biblia contiene un gran número de contradicciones?" -- "¿No fue escrito el Nuevo Testamento, cientos de años después de que Jesús vivió? : ¿No que lo haría eso indigno de confianza?" -- "¿No contiene la Biblia errores científicos?" -- "¿Cómo sabe usted que el cristianismo es cierto, y no otras religiones como el budismo o el Islam?" -- "¿Qué hay de los homosexuales? ¿Cree usted que se van al infierno?" -- "¿Cómo sabe usted que Jesús se levantó de los muertos?" -- "¿Qué hay de la evolución? ¿no han demostrado las teorías de Darwin que Dios no existe?" -- "Si todo requiere de un creador, como los cristianos parecen sugerir, entonces, ¿quién creó a Dios?" -- "Y bien, si Dios no necesita un creador, (vea la pregunta y respuesta anterior) ¿por qué no podríamos decir que el universo tampoco necesita un creador?" -- "¿Puede Dios hacer una roca tan grande que ni Él mismo puede moverla?¿sí o no?" -- "¿Cómo (o dónde) consiguió Caín a su esposa?" -- "¿Cómo usted puede respaldar una religión que promovería sucesos tales como las cruzadas?" -- "¿Qué hay del Antiguo Testamento, cuando Dios ordenó a Josué y la nación de Israel que recorrieran la tierra de Canaán y destruyeran a todos?¿Cómo se puede creer en un Dios que ordenara algo así?" -- "¿Cree usted que es correcto tratar de imponer sus creencias a otras personas?" -- "¿De dónde vinieron los dinosaurios?¿No vivieron los dinosaurios millones de años antes que el hombre?" -- "¿Por qué no se mencionan los dinosaurios en la Biblia?" -- "¿Cómo pudieron caber los dinosaurios en el arca de Noé? : Si los dinosaurios estuvieron en el arca de Noé, ¿por qué no existen hoy?" -- "¿Cómo pudieron todas las razas con sus diferentes colores de piel, descender de la familia de Noé?" -- "¿No enseñan todas las religiones básicamente lo mismo?" -- "¿No adoran los cristianos al mismo Dios que los musulmanes?" -- "¿Qué le hace a usted pensar que el Corán no es de inspiración divina?" -- "¿Qué le hace a usted pensar que el Libro de Mormón no es digno de confianza?" -- "Si el cristianismo es cierto, ¿por qué no pueden las diferentes denominaciones ponerse de acuerdo respecto a lo qué hay que creer?" -- "¿No hay un montón de hipócritas en la iglesia?" -- "¿Importa realmente lo que una persona crea mientras esta sea sincera?" -- "¿Cómo podría yo ser feliz en el cielo, sabiendo que mis seres amados están en el infierno?" -- "¿Acaso no basta con ser bueno para ir al cielo?".
526 _aSEG42
526 _aSEG41
526 _aSEG40
526 _aSEG39
526 _aP94
526 _aP87
526 _aP86
526 _aP85
526 _aP77
526 _aP76
526 _aP35
650 1 4 _aApologética
_xMiscelánea.
910 _agl
942 _2ddc
_cBK
999 _c51740
_d51740
980 _81
_gALBERTO SANCHEZ Responsable de Automatización